000 00655nam a2200181 i 4500
001 94853
003 ES-MaACL
005 20230906181554.0
007 t|
008 050517s1962 sp ||||1| spa d
100 1 _aLucena Conde, Felipe.
_974559
245 1 3 _aLa investigación científica en la Universidad
_b: discurso pronunciado en la solemne apertura del Curso Académico 1962-1963 /
_cFelipe Lucena Conde.
260 _aSalamanca :
_b[s.n.],
_c1962 (
_fGráf. Cervantes)
300 _a35 p. ;
_c25 cm.
500 _aPrecede al tit. Universidad de Salamanca.
710 2 _aUniversidad de Salamanca.
_97275
852 _aES-MaACL
_j2031-F-18
_bR.51094
999 _c94853
_d94853